000 00666nam a2200217Ia 4500
003 GCL
008 140319s9999 xx 000 0 ara d
040 _aGCL /
_cGCL
082 0 4 _a709.01
_bث ف
100 1 _aثروت عكاشة
245 1 0 _aالفن العراقى: سومر وبابل واشور /
_cثروت عكاشة
260 _aبيروت :
_bالمؤسسة العربية للدراسات والنشر
300 _aمج4( 763 ص ):
_bايض ؛
_c28 سم
490 _aتاريخ الفن
_v0
650 0 4 _aالعراق
650 0 4 _aالفن
650 0 4 _aالنحت
650 0 4 _aبابل
650 0 4 _aالفن القديم
942 _2ddc
_cBK
999 _c37868
_d37868